000
00282nam a22000977a 4500
999
_c
11074
_d
11074
008
180824b ||||| |||| 00| 0 eng d
020
_a
9788189932152
100
_a
Sharma, J P
_9
5980
245
_a
Mathematics
_b
Based on the latest Syllabus
260
_a
New Delhi
_b
Prachi Publication
_c
2018